000 00858nam0a22002531 4500
001 rc\3497754
005 20250610024546.0
021 _aRU
_b[71-22477]
035 _a(NLR Aleph) 007651655
090 _a6235400
_c6235400
100 _a20130115d1971 |||y0rusy50 ca
101 0 _arus
102 _aRU
105 _ay z |||||
200 1 _aОрганизация Варшавского договора
_e(Правовые аспекты)
_fАН СССР. Ин-т государства и права
210 _aМосква
_cНаука
_d1971
215 _a161 с.
_d20
601 2 _aОрганизация стран Варшавского договора
_2psbo
700 1 _aБахов
_bА.С.
_gАнатолий Сергеевич
801 0 _aRU
_bNLR
_gpsbo
801 1 _aRU
_bELAR
_2rusmarc
852 _aNLR
_j71-3/2648
942 _cBOOK
980 _aNB